ბათუმის შოთა რუსთაველის სახელმწიფო უნივერსიტეტის ბიბლიოთეკა

ტრაქტორები და ავტომობილები(ძრავა). (ბიბ.ჩანაწერი № 44712)

000 -LEADER
fixed length control field 00914nam a2200229Ia 4500
001 - CONTROL NUMBER
control field 11517
003 - CONTROL NUMBER IDENTIFIER
control field GE_BSU
008 - FIXED-LENGTH DATA ELEMENTS--GENERAL INFORMATION
fixed length control field 181216s||||||||xx |||||||||||||| ||und||
040 ## - CATALOGING SOURCE
Transcribing agency GE_BSU
080 ## - UNIVERSAL DECIMAL CLASSIFICATION NUMBER
Universal Decimal Classification number 621.431.73(075.8)
100 ## - MAIN ENTRY--PERSONAL NAME
Personal name ხანთაძე,გ.
245 ## - TITLE STATEMENT
Title ტრაქტორები და ავტომობილები(ძრავა).
245 ## - TITLE STATEMENT
Remainder of title სახელმძღვ.სას.სამ. ინ–ტის მექანიზაციის სპეც. სტუდენტებისათვის.
245 ## - TITLE STATEMENT
Statement of responsibility, etc. რედ:გ.ნიქაბაძე.
260 ## - PUBLICATION, DISTRIBUTION, ETC.
Place of publication, distribution, etc. თბილისი.
260 ## - PUBLICATION, DISTRIBUTION, ETC.
Name of publisher, distributor, etc. განათლება.
260 ## - PUBLICATION, DISTRIBUTION, ETC.
Date of publication, distribution, etc. 1974.
300 ## - PHYSICAL DESCRIPTION
Extent 329გვ;25სმ.
300 ## - PHYSICAL DESCRIPTION
Accompanying material ილ;ცხრილები.
653 ## - INDEX TERM--UNCONTROLLED
Uncontrolled term ტრაქტორები და ავტომობილები(ძრავა).
942 ## - ADDED ENTRY ELEMENTS (KOHA)
Koha item type წიგნი
ეგზემპლარები
Withdrawn status Lost status Damaged status Not for loan Date acquired Barcode Date last seen Price effective from Koha item type
        2018-12-17 20181 2018-12-17 2018-12-17 წიგნი